[Event "Åpent Hordalandsmesterskap 2017 NGP"]
[Site "Ulsmåg skole, Nesttun"]
[Date "2017.05.28"]
[Round "5"]
[White "Rønnestad, Liam Jansson"]
[Black "Haldorsen, Benjamin"]
[Result "0-1"]
[WhiteElo "1473"]
[BlackElo "2356"]
[PlyCount "70"]
[EventDate "2017.??.??"]

1. d4 d5 2. c4 dxc4 3. Nf3 Nf6 4. Nc3 a6 5. e3 e6 6. Bxc4 c5 7. O-O b5 8. Bd3
Bb7 9. b3 Nbd7 10. Bb2 Bd6 11. e4 cxd4 12. Nxd4 O-O 13. Re1 Qb8 14. Nf3 Nc5 15.
Nxb5 axb5 16. e5 Rd8 17. exd6 Rxd6 18. Nd4 Nxd3 19. Qxd3 Rd5 20. Qe3 Ng4 21.
Qg3 Qxg3 22. hxg3 e5 23. Nf3 f6 24. b4 Rd3 25. a3 Rad8 26. Rac1 e4 27. Nh4 Rd2
28. Rc7 Ba8 29. Bc1 Rxf2 30. Bf4 Re2 31. Rec1 g5 32. Kf1 Rf2+ 33. Kg1 gxf4 34.
Nf5 e3 35. Re1 Rxg2+ 
0-1

[Event "Åpent Hordalandsmesterskap 2017 NGP"]
[Site "Ulsmåg skole, Nesttun"]
[Date "2017.05.28"]
[Round "5"]
[White "Strand, Øyvin"]
[Black "Merkesvik, Sondre"]
[Result "0-1"]
[WhiteElo "1807"]
[BlackElo "2172"]
[PlyCount "110"]
[EventDate "2017.??.??"]

1. d4 Nf6 2. Nf3 g6 3. g3 Bg7 4. Bg2 c5 5. e3 d5 6. O-O Nc6 7. c3 O-O 8. b3 b6
9. Ne5 Bb7 10. Bb2 Ne4 11. Nxc6 Bxc6 12. Nd2 Nxd2 13. Qxd2 Rc8 14. Rfd1 Qc7 15.
dxc5 e6 16. cxb6 Qxb6 17. Rdc1 Rfd8 18. Rab1 h5 19. h3 h4 20. g4 Rd7 21. Qe2
Qa5 22. a3 Bb5 23. Qd1 Rdc7 24. b4 Qa6 25. Qd2 Qa4 26. Bf3 Qa6 27. Bg2 Qc6 28.
a4 Bxa4 29. c4 Bxb2 30. Qxb2 Qd6 31. c5 Qd7 32. Qf6 Rb8 33. Qxh4 Rcb7 34. g5 a5
35. Qf4 axb4 36. Qd6 Qxd6 37. cxd6 Rd7 38. Ra1 Bb5 39. Rc7 Rxd6 40. Raa7 Be8
41. Rc2 Bb5 42. Rb2 Ra6 43. Rxa6 Bxa6 44. f4 b3 45. Kf2 Bd3 46. Ke1 Kf8 47. Kd2
Bc2 48. Bf3 Ke7 49. Bd1 Bxd1 50. Kxd1 e5 51. Kd2 Ke6 52. Kd3 exf4 53. exf4 Kf5
54. Kd4 Rb5 55. Ke3 Rb4 
0-1

[Event "Åpent Hordalandsmesterskap 2017 NGP"]
[Site "Ulsmåg skole, Nesttun"]
[Date "2017.05.28"]
[Round "5"]
[White "Fuglestein, Sander"]
[Black "Hølleland, Sigve"]
[Result "1/2-1/2"]
[WhiteElo "1297"]
[BlackElo "2014"]
[PlyCount "95"]
[EventDate "2017.??.??"]

1. c4 c6 2. Nc3 d5 3. cxd5 cxd5 4. d4 Nc6 5. g3 Nf6 6. Bg2 e6 7. Bf4 Be7 8. Nf3
Qb6 9. Qb3 O-O 10. e3 Bb4 11. Nd2 Nh5 12. O-O f6 13. Bf3 Nxf4 14. gxf4 Bd7 15.
Rac1 Na5 16. Qc2 Rac8 17. Be2 f5 18. Nf3 Nc4 19. Bxc4 dxc4 20. Ne5 Qd6 21. Qe2
b5 22. Nxd7 Qxd7 23. Qf3 a5 24. Rfd1 Rfd8 25. a3 Be7 26. a4 bxa4 27. Ra1 a3 28.
bxa3 a4 29. Rdb1 Rb8 30. Rxb8 Rxb8 31. Qd1 Rb3 32. Qc2 Qc6 33. Ra2 h5 34. Ne2
h4 35. h3 c3 36. Nc1 Rxa3 37. Rxa3 Bxa3 38. Nd3 Qc4 39. Ne5 Qb3 40. Qe2 c2 41.
Qh5 c1=Q+ 42. Kh2 Qb7 43. Qe8+ Bf8 44. Qxe6+ Kh8 45. Ng6+ Kh7 46. Nxf8+ Kh8 47.
Ng6+ Kh7 48. Nf8+ 
1/2-1/2

[Event "Åpent Hordalandsmesterskap 2017 NGP"]
[Site "Ulsmåg skole, Nesttun"]
[Date "2017.05.25"]
[Round "5"]
[White "Shehzad, Alisha"]
[Black "Mansoor, Afras"]
[Result "0-1"]
[WhiteElo "1448"]
[BlackElo "1899"]
[PlyCount "64"]
[EventDate "2017.??.??"]

1. e4 Nf6 2. e5 Nd5 3. d4 d6 4. Nf3 Bg4 5. Be2 e6 6. O-O Be7 7. c4 Nb6 8. Nc3
O-O 9. Re1 Nc6 10. b3 d5 11. c5 Nd7 12. h3 Bh5 13. Nh2 Bxe2 14. Rxe2 f6 15. f4
Nxd4 16. Rd2 fxe5 17. fxe5 Nc6 18. Qg4 Bxc5+ 19. Kh1 Qe7 20. Qh5 Ndxe5 21. Bb2
Bd6 22. Re1 d4 23. Ne4 Bb4 24. Bxd4 Bxd2 25. Nxd2 Nxd4 26. Rxe5 Qd6 27. Rg5 Nf5
28. Ne4 Qf4 29. Qe2 Qc1+ 30. Nf1 Ne3 31. Ned2 Nxf1 32. Nxf1 Qxg5 
0-1

[Event "Åpent Hordalandsmesterskap 2017 NGP"]
[Site "Ulsmåg skole, Nesttun"]
[Date "2017.05.28"]
[Round "5"]
[White "Takle, Mikael"]
[Black "Merkesvik, Amalie Isabel"]
[Result "1/2-1/2"]
[WhiteElo "1599"]
[BlackElo "1665"]
[PlyCount "58"]
[EventDate "2017.??.??"]

1. e4 c5 2. Nf3 d6 3. d4 cxd4 4. Nxd4 Nf6 5. Nc3 a6 6. Bc4 e6 7. Bb3 Be7 8. Bg5
b5 9. Qf3 Bb7 10. Bxe6 Nc6 11. Nxc6 Bxc6 12. Bxf6 Bxf6 13. Bd5 Rc8 14. O-O-O
O-O 15. Bxc6 Rxc6 16. Nd5 Be5 17. Qe3 g6 18. h4 Bg7 19. h5 h6 20. f4 Re8 21.
hxg6 fxg6 22. Qg3 Qc8 23. Rd2 Qe6 24. Re1 Rc4 25. Rde2 Qf7 26. Qf3 Kh7 27. f5
Rf8 28. g4 Bf6 29. Nxf6+ Qxf6 
1/2-1/2

[Event "Åpent Hordalandsmesterskap 2017 NGP"]
[Site "Ulsmåg skole, Nesttun"]
[Date "2017.05.28"]
[Round "5"]
[White "Shehzad, Shazil"]
[Black "Hina, Ariza"]
[Result "1-0"]
[WhiteElo "1660"]
[BlackElo "1381"]
[PlyCount "77"]
[EventDate "2017.??.??"]

1. e4 e5 2. Nf3 Nc6 3. d4 exd4 4. Nxd4 Bc5 5. Nb3 Bb6 6. Nc3 d6 7. Qe2 Be6 8.
Be3 Nf6 9. f3 Qe7 10. O-O-O Bxe3+ 11. Qxe3 a5 12. Bb5 O-O 13. g4 Na7 14. g5 Nh5
15. Be2 g6 16. f4 Ng7 17. h4 Nc6 18. h5 a4 19. Nd4 Nxd4 20. Qxd4 a3 21. b3 Rfd8
22. Bf3 c5 23. Qd2 c4 24. Kb1 Ra6 25. hxg6 fxg6 26. Nd5 Bxd5 27. Qxd5+ Kh8 28.
Qxc4 Rc6 29. Qd4 Qc7 30. Qd3 Rc8 31. Rh2 Rc3 32. Qe2 Qc5 33. Qf2 Re3 34. c4 Rc6
35. Qh4 Kg8 36. Qxh7+ Kf7 37. e5 Rxf3 38. e6+ Kxe6 39. Qxg7 
1-0

[Event "Åpent Hordalandsmesterskap 2017 NGP"]
[Site "Ulsmåg skole, Nesttun"]
[Date "2017.05.28"]
[Round "5"]
[White "Sørensen, Simen"]
[Black "Kristiansen, Snorre"]
[Result "1-0"]
[WhiteElo "1526"]
[BlackElo "1480"]
[PlyCount "119"]
[EventDate "2017.??.??"]

1. e4 e6 2. d4 d5 3. Nd2 Nf6 4. e5 Nfd7 5. Bd3 b6 6. Ne2 Ba6 7. Nf3 c5 8. c3
Bxd3 9. Qxd3 Nc6 10. O-O Be7 11. Re1 cxd4 12. cxd4 Nb4 13. Qd1 Rc8 14. Nc3 O-O
15. Bf4 Re8 16. Rc1 f6 17. a3 Nc6 18. exf6 Nxf6 19. Rxe6 Qd7 20. Re2 Na5 21.
Ne5 Qb7 22. Qd3 Nc4 23. Nxc4 dxc4 24. Qf5 Kh8 25. Rce1 g6 26. Qh3 Nh5 27. Rxe7
Rxe7 28. Rxe7 Qxe7 29. Qxc8+ Kg7 30. Qc7 Kf7 31. Qxc4+ Ke8 32. Qc6+ Kf7 33. Qc7
Nxf4 34. Qxf4+ Kg8 35. Qe5 Qf8 36. Nd5 h6 37. Qe6+ Qf7 38. Qxf7+ Kxf7 39. f4
Ke6 40. Nc3 Kd6 41. Kf2 Ke6 42. Ke3 a5 43. Ke4 Kd6 44. f5 gxf5+ 45. Kxf5 b5 46.
Nxb5+ Kd5 47. b4 axb4 48. axb4 Kc4 49. Ke6 Kxb5 50. d5 Kxb4 51. d6 Kc3 52. d7
Kd2 53. d8=Q+ Ke2 54. Qf6 h5 55. Qf3+ Kd2 56. Kd5 Kc2 57. Kd4 Kd2 58. Qf2+ Kc1
59. Kc3 Kb1 60. Qb2# 
1-0

[Event "Åpent Hordalandsmesterskap 2017 NGP"]
[Site "Ulsmåg skole, Nesttun"]
[Date "2017.05.28"]
[Round "5"]
[White "Flatebø, Hallvard Haug"]
[Black "Solli, Jarle"]
[Result "0-1"]
[WhiteElo "1265"]
[BlackElo "1531"]
[PlyCount "26"]
[EventDate "2017.??.??"]

1. e4 e6 2. d4 d5 3. Nc3 dxe4 4. Nxe4 Nc6 5. Nf3 e5 6. dxe5 Qxd1+ 7. Kxd1 Bg4
8. Be2 O-O-O+ 9. Bd2 Bxf3 10. Bxf3 Nxe5 11. Be2 Nf6 12. Nxf6 gxf6 13. c3 Bh6
0-1

[Event "Ã.pent Hordalandsmesterskap 2017 NGP"]
[Site "UlsmÃ¥g skole, Nesttun"]
[Date "2017.05.28"]
[Round "6"]
[White "Haldorsen, Benjamin"]
[Black "Mansoor, Afras"]
[Result "1-0"]
[WhiteElo "2356"]
[BlackElo "1899"]
[PlyCount "39"]
[EventDate "2017.??.??"]

1. e4 Nf6 2. e5 Nd5 3. d4 d6 4. Nf3 Bg4 5. Be2 e6 6. O-O Be7 7. c4 Nb6 8. Nc3
O-O 9. Be3 d5 10. c5 Bxf3 11. gxf3 Nc8 12. f4 g6 13. f5 exf5 14. Nxd5 Bh4 15.
Qb3 b6 16. e6 Kg7 17. exf7 Rxf7 18. Nf4 Qd7 19. Bf3 c6 20. Rad1 1-0

[Event "Ã.pent Hordalandsmesterskap 2017 NGP"]
[Site "UlsmÃ¥g skole, Nesttun"]
[Date "2017.05.28"]
[Round "6"]
[White "Merkesvik, Sondre"]
[Black "SÃ¸rensen, Simen"]
[Result "1-0"]
[WhiteElo "2172"]
[BlackElo "1526"]
[PlyCount "121"]
[EventDate "2017.??.??"]

1. e4 e6 2. d4 d5 3. Nd2 Nf6 4. Bd3 c5 5. dxc5 Bxc5 6. exd5 exd5 7. Ngf3 O-O 8.
O-O Nc6 9. h3 b6 10. Nb3 Bb7 11. c3 Re8 12. Bf4 h6 13. Qd2 Ne4 14. Qc2 Qf6 15.
Bh2 Rad8 16. a4 a5 17. Rae1 Ng5 18. Nxg5 Qxg5 19. Nxc5 bxc5 20. Qc1 Qxc1 21.
Rxc1 Ne5 22. Bb5 Re6 23. Rfe1 Ng6 24. Bc7 Ra8 25. Bd7 Rf6 26. Re8+ Rxe8 27.
Bxe8 Nf4 28. Rd1 d4 29. cxd4 Ne2+ 30. Kf1 Nxd4 31. Bxa5 Ba6+ 32. Kg1 Ne2+ 33.
Kh2 Rxf2 34. Rd6 Bb7 35. Bc6 Bxc6 36. Rxc6 Nd4 37. Rxc5 Nb3 38. Rc8+ Kh7 39.
Bc3 Rf5 40. Rb8 Na5 41. Rb5 Rxb5 42. axb5 Nb7 43. Kg3 Kg6 44. Kf4 f6 45. Bb4
Kf7 46. Ke4 Ke6 47. Kd4 h5 48. Kc4 g5 49. b6 g4 50. Kd4 f5 51. Ke3 Kf6 52. Kf4
Kg6 53. Bc3 Nc5 54. Bd4 Nb7 55. h4 Na5 56. b4 Nb7 57. Ke5 Nd8 58. Kd6 f4 59.
Kd7 f3 60. gxf3 gxf3 61. Kxd8 1-0

[Event "Ã.pent Hordalandsmesterskap 2017 NGP"]
[Site "UlsmÃ¥g skole, Nesttun"]
[Date "2017.05.28"]
[Round "6"]
[White "HÃ¸lleland, Sigve"]
[Black "Strand, Ã~yvin"]
[Result "1/2-1/2"]
[WhiteElo "2014"]
[BlackElo "1807"]
[PlyCount "116"]
[EventDate "2017.??.??"]

1. c4 c5 2. Nf3 Nc6 3. Nc3 g6 4. d4 cxd4 5. Nxd4 Bg7 6. Nb3 Nf6 7. g3 O-O 8.
Bg2 Na5 9. Nxa5 Qxa5 10. O-O a6 11. Qd3 Rb8 12. a3 d6 13. b4 Qc7 14. Bf4 e5 15.
Bg5 Bf5 16. e4 Be6 17. Nd5 Nxd5 18. cxd5 Bd7 19. Rfc1 Qb6 20. Qe3 Qxe3 21. Bxe3
Rfc8 22. Bb6 Rxc1+ 23. Rxc1 Rc8 24. Rxc8+ Bxc8 25. Bc7 Bf8 26. f4 f6 27. a4 b5
28. a5 Be7 29. Kf2 Kg7 30. Kf3 h6 31. Bf1 Bd7 32. h4 Kf7 33. Ke3 Kg7 34. Be2
Kf7 35. Bd3 Kg7 36. f5 g5 37. Be2 Be8 38. Bb8 Bf8 39. Kf2 Be7 40. Kg2 gxh4 41.
g4 Bd7 42. Kh3 Kh7 43. Kxh4 Kg7 44. Bc7 Kh7 45. Bb6 Kg7 46. Be3 Kh7 47. Kh5
Be8+ 48. Kh4 Bd7 49. Kg3 Kg7 50. g5 hxg5 51. Bh5 Kf8 52. Kg4 Be8 53. Bxe8 Kxe8
54. Kh5 Kf7 55. Bb6 Kg7 56. Bc7 Kh7 57. Bb6 Kg7 58. Bc7 Kh7 1/2-1/2

[Event "Ã.pent Hordalandsmesterskap 2017 NGP"]
[Site "UlsmÃ¥g skole, Nesttun"]
[Date "2017.05.28"]
[Round "6"]
[White "Fuglestein, Sander"]
[Black "Merkesvik, Amalie Isabel"]
[Result "1/2-1/2"]
[WhiteElo "1297"]
[BlackElo "1665"]
[PlyCount "60"]
[EventDate "2017.??.??"]

1. d4 d5 2. c4 c6 3. Nf3 Nf6 4. Nc3 dxc4 5. a4 Bf5 6. Bf4 a5 7. e3 e6 8. Bxc4
Nbd7 9. O-O Be7 10. h3 O-O 11. Qe2 Bg6 12. Rfd1 Nb6 13. Bb3 Ne4 14. Bc2 Nxc3
15. bxc3 Nd5 16. Qd2 Bxc2 17. Qxc2 Bd6 18. Bxd6 Qxd6 19. Rab1 Rab8 20. Nd2 Rfc8
21. Nc4 Qc7 22. e4 Nf6 23. e5 Ne8 24. Rb6 c5 25. Rc1 cxd4 26. cxd4 Qd7 27. Qd1
Rc6 28. Rxc6 Qxc6 29. Nxa5 Qd7 30. Rb1 Qd5 1/2-1/2

[Event "Ã.pent Hordalandsmesterskap 2017 NGP"]
[Site "UlsmÃ¥g skole, Nesttun"]
[Date "2017.05.28"]
[Round "6"]
[White "Kristiansen, Snorre"]
[Black "Takle, Mikael"]
[Result "1/2-1/2"]
[WhiteElo "1480"]
[BlackElo "1599"]
[PlyCount "71"]
[EventDate "2017.??.??"]

1. e4 e6 2. d4 d5 3. Nc3 Nc6 4. e5 f6 5. Nf3 Bd7 6. Bf4 a6 7. h4 Bb4 8. a3 Ba5
9. g3 fxe5 10. Nxe5 Nf6 11. Qd3 Ne4 12. b4 Nxc3 13. Qxc3 Bb6 14. Nxc6 Bxc6 15.
Bh3 Qf6 16. Be5 Qe7 17. O-O O-O 18. Rfe1 Rf7 19. Re3 Raf8 20. f4 h6 21. f5 exf5
22. Bxg7 Qd6 23. Bxf8 Kxf8 24. Re5 Bd7 25. Rf1 Qg6 26. Kh2 c6 27. Qd3 Bc7 28.
Re2 Qh5 29. Qf3 Qxh4 30. Rg2 Qxd4 31. Qh5 Qf6 32. Rgf2 Qg7 33. Qh4 Qg6 34. Kg2
Be6 35. Kh2 Bd7 36. Kg2 1/2-1/2

[Event "Ã.pent Hordalandsmesterskap 2017 NGP"]
[Site "UlsmÃ¥g skole, Nesttun"]
[Date "2017.05.28"]
[Round "6"]
[White "KvalÃ¸y, Aksel Bu"]
[Black "RÃ¸nnestad, Liam Jansson"]
[Result "1-0"]
[WhiteElo "1587"]
[BlackElo "1473"]
[PlyCount "41"]
[EventDate "2017.??.??"]

1. e4 c5 2. Nf3 g6 3. d4 cxd4 4. Nxd4 Bg7 5. Nc3 Nc6 6. Be3 Nf6 7. Nxc6 bxc6 8.
e5 Ng8 9. Bd4 e6 10. Ne4 Ne7 11. Nd6+ Kf8 12. Qf3 Nf5 13. Bc5 Nxd6 14. Bxd6+
Ke8 15. Bc4 f6 16. Qg4 fxe5 17. f4 exf4 18. O-O e5 19. Rxf4 Bf6 20. Re1 Qa5 21.
Rxe5+ 1-0

[Event "Ã.pent Hordalandsmesterskap 2017 NGP"]
[Site "UlsmÃ¥g skole, Nesttun"]
[Date "2017.05.28"]
[Round "6"]
[White "Solli, Jarle"]
[Black "Shehzad, Alisha"]
[Result "1-0"]
[WhiteElo "1531"]
[BlackElo "1448"]
[PlyCount "73"]
[EventDate "2017.??.??"]

1. e4 c5 2. c3 Nf6 3. e5 Nd5 4. Nf3 Nc6 5. d4 cxd4 6. cxd4 d6 7. Nc3 Nxc3 8.
bxc3 dxe5 9. d5 Nb8 10. Nxe5 Qc7 11. Qd4 f6 12. Bb5+ Nd7 13. Nc4 g6 14. Bf4 Qd8
15. O-O Bg7 16. Rfe1 O-O 17. d6 e5 18. Qd5+ Kh8 19. Bg3 Bh6 20. Rad1 Rb8 21.
Nxe5 fxe5 22. Bxd7 Bxd7 23. Bxe5+ Bg7 24. Bxg7+ Kxg7 25. Re7+ Kh6 26. h4 Rf5
27. Qd2+ g5 28. hxg5+ Kg6 29. Qd4 Qh8 30. Qd3 Kxg5 31. Rxd7 h5 32. Re1 Qf6 33.
Ree7 Rxf2 34. Qg3+ Kf5 35. Qxf2+ Kg5 36. Rg7+ Kh6 37. Qxf6# 1-0